000 00550nam a2200157Ia 4500
008 151213s9999 xx 000 0 und d
100 _aমীর মোশাররফ হোসেন
245 _aবিষাদ সিন্দু
_cমীর মোশাররফ হোসেন
250 _a১ম সং
260 _aঊঢাকা
_bতোফাজ্জল হোসেন
_c2009
300 _a8327 p.
650 _aBangla
650 _aউপন্যাস
700 _aমীর মোশাররফ হোসেন
999 _c4169
_d4169